Certain all-terrain vehicles from Japan
Sparad:
| Materialtyp: | Bok |
|---|---|
| Språk: | Undetermined |
| Publicerad: |
Washington
United States International Trade Commission
1988
|
| Ämnen: | |
| Taggar: |
Lägg till en tagg
Inga taggar, Lägg till första taggen!
|
| Thư viện lưu trữ: | Trung tâm Học liệu Trường Đại học Cần Thơ |
|---|
| LEADER | 00510nam a2200169Ia 4500 | ||
|---|---|---|---|
| 001 | CTU_99683 | ||
| 008 | 210402s9999 xx 000 0 und d | ||
| 082 | |a 388 | ||
| 082 | |b C418 | ||
| 245 | 0 | |a Certain all-terrain vehicles from Japan | |
| 260 | |a Washington | ||
| 260 | |b United States International Trade Commission | ||
| 260 | |c 1988 | ||
| 650 | |a All terrain vehicles,All terrain vehicles | ||
| 650 | |z Japan,United States | ||
| 904 | |i Tuyến | ||
| 980 | |a Trung tâm Học liệu Trường Đại học Cần Thơ | ||